Tres monumentos islámicos restaurados por España en el mundo árabe (Record no. 21790)

MARC details
000 -LEADER
campo de control de longitud fija 00623nam a2200169 i 4500
001 - NÚMERO DE CONTROL
campo de control 21790
003 - IDENTIFICADOR DE NÚMERO DE CONTROL
campo de control ES-MaACL
005 - FECHA Y HORA DE LA ÚLTIMA TRANSACCIÓN
campo de control 20251011063052.0
007 - CAMPO FIJO DE DESCRIPCIÓN FÍSICA--INFORMACIÓN GENERAL
campo de control de longitud fija t|
008 - DATOS DE LONGITUD FIJA--INFORMACIÓN GENERAL
campo de control de longitud fija 021127s1981 sp ||||1| spa d
100 1# - ENTRADA PRINCIPAL--NOMBRE DE PERSONA
Nombre de persona Almagro Gorbea, Antonio,
Fechas asociadas al nombre 1948-
9 (RLIN) 20075
245 10 - MENCIÓN DEL TÍTULO
Título Tres monumentos islámicos restaurados por España en el mundo árabe
Resto del título : Qusayr' Amra, el Palacio Omeya de Amman, la Zauiya de Sidi Qasim en Túnez /
Mención de responsabilidad, etc. Antonio Almagro Gorbea.
260 ## - PUBLICACIÓN, DISTRIBUCIÓN, ETC.
Lugar de publicación, distribución, etc. Madrid :
Nombre del editor, distribuidor, etc. Instituto de España,
Fecha de publicación, distribución, etc. 1981.
300 ## - DESCRIPCIÓN FÍSICA
Extensión 131 p., 37 lám. ;
Dimensiones 23 cm.
852 ## - LOCALIZACIÓN
Ubicación ES-MaACL
Número de control de estantería L-6955
Sublocalización o colección R.106194
Holdings
Estatus retirado Estado de pérdida Estado de daño No para préstamo Biblioteca de origen Biblioteca actual Ubicación en estantería Fecha de adquisición Fuente de adquisición Total de préstamos Signatura topográfica completa Código de barras Visto por última vez Precio de reemplazo Tipo de ítem Koha
        Biblioteca del Ateneo de Madrid Biblioteca del Ateneo de Madrid Depósito 2 17/01/2008     L-6955 1022397 23/02/2023 23/02/2023 Libro impreso